Nehaňte SMK
Nadradenosť národnoštátneho záujmu. Snaha politických strán o momentálny politický konsenzus pre realizáciu národnoštátneho záujmu.Účasť SMK na hlasovaní o Lisabonskej zmluve - štátnický a proeurópsky postoj, ktorý pomohol Slovensku ako aj ostatným členským štátom EÚ. Okolnosti hlasovania o Lisabons...
Guardado en:
| Autor principal: | |
|---|---|
| Formato: | Capítulo de libro |
| Lenguaje: | eslovaco |
| Materias: | |
| Etiquetas: |
Sin Etiquetas, Sea el primero en etiquetar este registro!
|
MARC
| LEADER | 00000naa$a2200000$$$4500 | ||
|---|---|---|---|
| 001 | 0076776 | ||
| 005 | 20240502071909.1 | ||
| 041 | 0 | |a slo | |
| 044 | |a SK | ||
| 245 | 1 | 0 | |a Nehaňte SMK |c Peter Weiss |
| 520 | |a Nadradenosť národnoštátneho záujmu. Snaha politických strán o momentálny politický konsenzus pre realizáciu národnoštátneho záujmu.Účasť SMK na hlasovaní o Lisabonskej zmluve - štátnický a proeurópsky postoj, ktorý pomohol Slovensku ako aj ostatným členským štátom EÚ. Okolnosti hlasovania o Lisabonskej zmluve - významné svedectvo o stave politickej kultúry v SR ako aj o úrovni zmyslu pre vyššiu zodpovednosť za štát a spoločenstvo občanov EÚ. | ||
| 610 | 2 | 0 | |a politika vnútorná |
| 610 | 2 | 0 | |a strany politické |
| 610 | 2 | 0 | |a opozícia |
| 610 | 2 | 0 | |a štát |
| 610 | 2 | 0 | |a vzťahy medzinárodné |
| 610 | 2 | 0 | |a zmluvy medzinárodné |
| 610 | 2 | 0 | |a Slovensko |
| 610 | 2 | 0 | |a Európska únia |
| 100 | 1 | |a Weiss, Peter | |